Biblioteca

The priestly life = Menti nostrae : (Registro nro. 66979)

Detalles MARC
000 -LÍDER
Campo fijo de descripción fija 01121nam a2200289 i 4500
001 - NÚMERO DE CONTROL
Campo de control 768714001
003 - IDENTIFICADOR DEL NÚMERO DE CONTROL
Campo de control CO-MdFUSB
005 - FECHA Y HORA DE LA ULTIMA TRANSACCIÓN
control field 20220523113637.0
007 - CAMPO FIJO DE DESCRIPCIÓN FIJA--INFORMACIÓN GENERAL
Campo fijo de descripción fija ta
008 - ELEMENTOS DE LONGITUD FIJA -- INFORMACIÓN GENERAL
Campo fijo de descripción fija -- Información general 211020t1950 -us |||| |||| 00| 0 eng d
020 ## - NÚMERO INTERNACIONAL NORMALIZADO PARA LIBROS
Número Internacional Normalizado del libro [No incluye ISBN]
040 ## - FUENTE DE CATALOGACIÓN
Agencia de catalogación original CO-MdFUSB
Idioma de catalogación spa
Agencia que realiza la transcripción CO-MdFUSB
Agencia que realiza la modificación CO-MdFUSBC
Convenciones de la descripción rda
041 ## - CÓDIGO DE IDIOMA
Código de idioma para texto/pista de sonido o título separado eng
090 ## - SIGNATURA TOPOGRÁFICA LOCAL
Número de clasificación local AV 0124
110 ## - ASIENTO PRINCIPAL--NOMBRE CORPORATIVO
Nombre corporativo o de jurisdicción como elemento de entrada Catholic Truth Society
245 14 - TÍTULO
Título del Material The priestly life = Menti nostrae :
Parte restante del título - Subtitulo apostolic exhortation of His Holiness Pope Pius XII by divine providence Pope to the clergy of the world at peace and in communion with the Apostolic See on the sanctification of the priestly life.
Mención de responsabilidad, etc. / Catholic Truth Society
264 #0 - PRODUCCIÓN, PUBLICACIÓN, DISTRIBUCIÓN, MANUFACTURA, Y COPYRIGHT
Lugar de producción, publicación, distribución, manufactura Londres :
Nombre del productor, publicador, distribuidor Catholic Truth Society,
Fecha de producción, publicación, distribución, manufactura, o copyright [1950]
300 ## - DESCRIPCIÓN FÍSICA
Extensión 48 páginas
Dimensiones ; 19 cm
336 ## - TIPO DE CONTENIDO
Fuente rdacontent
Término de tipo de contenido texto
Código de tipo de contenido tdi
337 ## - TIPO DE MEDIO
Fuente rdamedia
Nombre del tipo de medio sin mediación
Código del tipo de medio n
338 ## - TIPO DE SOPORTE
Fuente rdacarrier
Nombre del tipo de soporte volumen
Código Tipo de soporte nc
505 ## - NOTA DE CONTENIDO
Nota de contenido con formato preestablecido A nuestra mente. -- Nuestras mentes. -- Santificación de la vida sacerdotal
563 ## - NOTA DE ENCUADERNACIÓN
Nota de encuadernación Rústico
653 ## - TÉRMINO DE INDIZACIÓN - NO CONTROLADO
Término no controlado Iglesia católica - Clero - Vida religiosa - Documentos papales.
942 ## - TIPO DE MATERIAL (KOHA)
Tipo de Item KOHA Documentos Archivo Vertical
Existencias
Estado de Material Estado de Perdido Forma de Clasificación Estado de Dañado No para Préstamo Colección Biblioteca FUSBC Biblioteca de Origen Biblioteca Permanente Fecha de Adquisición Total de Préstamos Signatura Topográfica Código de Barras Última vez visto Ejemplar/Existencia Fecha de Remplazo Tipo de Material
    Dewey Decimal Classification     Colección Folletos CRISTIANISMO Y OTRAS DISCIPLINAS Biblioteca FUSBC Biblioteca FUSBC 20/10/2021   AV 0124 15009 20/10/2021 Ej. 1 20/10/2021 Documentos Archivo Vertical

Biblioteca FUSBC | Teléfono: (57+4) 349 88 10 Ext. 141| WhatsApp (+57) 3005338115 
E-mail: biblioteca@unisbc.edu.co | Calle 76 87-14 Robledo Palenque, Medellín, Colombia

Con tecnología Koha